[Event "EU-ch Hybrid U10"]
[Site "Tornelo INT"]
[Date "2021.10.15"]
[Round "2"]
[White "Policar, Martin"]
[Black "Yurasov, Matfey"]
[Result "0-1"]
[WhiteElo "1340"]
[BlackElo "1588"]
[PlyCount "98"]
[EventDate "2021.10.15"]
[EventType "swiss"]
[EventRounds "9"]
[EventCountry "NET"]
[SourceTitle "EXT 2023"]
[Source "ChessBase"]
[SourceDate "2022.10.05"]
[SourceVersion "1"]
[SourceVersionDate "2022.10.05"]
[SourceQuality "1"]
[WhiteTeam "Czech Republic"]
[BlackTeam "Russia"]
[WhiteTeamCountry "CZE"]
[BlackTeamCountry "RUS"]

1. e4 c5 2. d4 cxd4 3. c3 d3 4. Bxd3 Nc6 5. Nf3 d6 6. c4 Nf6 7. Nc3 g6 8. 0-0 Bg7 9. Be3 Ng4 10. Bd2 Nge5 11. Nxe5 Nxe5 12. Qe2 0-0 13. f4 Ng4 14. f5 Ne5 15. Bc2 e6 16. Qf2 Nxc4 17. f6 Bxf6 18. Bh6 Bg5 19. Bb3 Bxh6 20. Bxc4 Bg7 21. Qf3 Qb6+ 22. Kh1 Bd7 23. b3 Qd4 24. Ne2 Qe5 25. Rad1 Bc6 26. Ng3 Rad8 27. Rf2 d5 28. exd5 exd5 29. Bd3 d4 30. Be4 Bxe4 31. Nxe4 Rde8 32. Nf6+ Bxf6 33. Qxf6 Qxf6 34. Rxf6 Re4 35. h3 Rd8 36. Rdf1 Rd7 37. R6f4 Rxf4 38. Rxf4 f5 39. g4 fxg4 40. Rxg4 d3 41. Rg1 d2 42. Rd1 Kf7 43. Kg1 Ke6 44. Kf2 Kf5 45. Kf3 g5 46. Kg3 Ke4 47. Kf2 Kd3 48. Kf3 Kc2 49. Ke2 Re7+ 0-1

[Event "EU Union-ch U10"]
[Site "Kouty nad Desnou"]
[Date "2021.08.21"]
[Round "8.5"]
[White "Badica, Ariana"]
[Black "Policar, Martin"]
[Result "1/2-1/2"]
[WhiteElo "1285"]
[BlackElo "1322"]
[PlyCount "153"]
[EventDate "2021.08.14"]
[EventType "swiss"]
[EventRounds "9"]
[EventCountry "CZE"]
[SourceTitle "EXT 2022"]
[Source "ChessBase"]
[SourceDate "2021.10.06"]
[SourceVersion "1"]
[SourceVersionDate "2021.10.06"]
[SourceQuality "1"]

1. e4 Nf6 2. e5 Nd5 3. d4 d6 4. Nf3 Bg4 5. Be2 Nc6 6. c4 Nb6 7. Nc3 Bxf3 8. Bxf3 dxe5 9. Bxc6+ bxc6 10. c5 Nd5 11. dxe5 Nxc3 12. Qxd8+ Rxd8 13. bxc3 e6 14. Be3 Be7 15. Rb1 0-0 16. Ke2 Rd5 17. Rb7 Bxc5 18. Bxc5 Rxc5 19. Rxa7 Rxe5+ 20. Kd2 Rd8+ 21. Kc2 Re2+ 22. Kb3 Rxf2 23. a4 Rb8+ 24. Kc4 f5 25. Ra1 e5 26. a5 Rb5 27. a6 Rf4+ 28. Kd3 Rd5+ 29. Ke2 Re4+ 30. Kf1 Rd8 31. Rb7 Rd2 32. a7 Ree2 33. a8Q+ Kf7 34. Rxc7+ Kg6 35. Qxc6+ Kh5 36. Qe8+ Kh6 37. Ra6+ g6 38. Qf8+ Kg5 39. Qf6+ Kg4 40. h3+ Kg3 41. Qg5+ Kh2 42. Qh4 Rxg2 43. Ke1 Rb2 44. Qf2 Rgxf2 45. Rb6 Rfe2+ 46. Kd1 Rxb6 47. Kxe2 f4 48. Kf3 Re6 49. c4 e4+ 50. Ke2 f3+ 51. Ke3 Kg2 52. Rf7 h5 53. h4 g5 54. hxg5 h4 55. Rf4 h3 56. Rg4+ Kf1 57. Rh4 f2 58. Rxh3 Kg2 59. Rh2+ Kxh2 60. Kxf2 e3+ 61. Ke2 Kg3 62. g6 Rxg6 63. Kxe3 Rd6 64. Ke4 Rd1 65. c5 Kg4 66. Ke5 Re1+ 67. Kd6 Rd1+ 68. Ke6 Re1+ 69. Kd6 Kf5 70. c6 Rd1+ 71. Ke7 Re1+ 72. Kd7 Kf6 73. c7 Re7+ 74. Kd8 Kf7 75. c8Q Re8+ 76. Kd7 Rxc8 77. Kxc8 1/2-1/2

[Event "EU Union-ch U10"]
[Site "Kouty nad Desnou"]
[Date "2021.08.20"]
[Round "7.6"]
[White "Policar, Martin"]
[Black "Janouskova, Eliska"]
[Result "1-0"]
[WhiteElo "1322"]
[BlackElo "1130"]
[PlyCount "99"]
[EventDate "2021.08.14"]
[EventType "swiss"]
[EventRounds "9"]
[EventCountry "CZE"]
[SourceTitle "EXT 2022"]
[Source "ChessBase"]
[SourceDate "2021.10.06"]
[SourceVersion "1"]
[SourceVersionDate "2021.10.06"]
[SourceQuality "1"]

1. Nf3 c5 2. c4 Nf6 3. Nc3 e6 4. g3 d6 5. Bg2 Be7 6. 0-0 0-0 7. d4 cxd4 8. Nxd4 Bd7 9. Bxb7 e5 10. Bxa8 exd4 11. Qxd4 Nc6 12. Bxc6 Bxc6 13. Nd5 Re8 14. Nxe7+ Qxe7 15. Qd3 Qe6 16. f3 Qh3 17. Rf2 Qe6 18. e4 h6 19. Bf4 Rd8 20. b4 Rd7 21. b5 Bb7 22. a4 Qe7 23. a5 Qd8 24. Qd4 a6 25. Rd2 Kh8 26. Qb6 Qxb6+ 27. axb6 Rd8 28. bxa6 Ra8 29. Rda2 Bc6 30. b7 Rd8 31. a7 Bxb7 32. a8Q Bxa8 33. Rxa8 Rxa8 34. Rxa8+ Kh7 35. Bxd6 Nd7 36. c5 Nxc5 37. Bxc5 f6 38. Kf2 h5 39. f4 Kg6 40. Ra7 h4 41. f5+ Kh6 42. gxh4 Kh7 43. h5 Kh6 44. Bf8 Kg5 45. Kf3 Kh6 46. Bxg7+ Kg5 47. h4+ Kxh5 48. Bxf6 Kh6 49. Rg7 Kh5 50. Rh7# 1-0

[Event "EU Union-ch U10"]
[Site "Kouty nad Desnou"]
[Date "2021.08.15"]
[Round "2.4"]
[White "Policar, Martin"]
[Black "Komarek, Tobias"]
[Result "1-0"]
[WhiteElo "1322"]
[BlackElo "1198"]
[PlyCount "61"]
[EventDate "2021.08.14"]
[EventType "swiss"]
[EventRounds "9"]
[EventCountry "CZE"]
[SourceTitle "EXT 2022"]
[Source "ChessBase"]
[SourceDate "2021.10.06"]
[SourceVersion "1"]
[SourceVersionDate "2021.10.06"]
[SourceQuality "1"]

1. e4 e5 2. Nf3 Nc6 3. Bc4 Bc5 4. b4 Bxb4 5. c3 Ba5 6. d4 exd4 7. 0-0 Nge7 8. Nxd4 0-0 9. Bg5 Qe8 10. Qh5 Bb6 11. Nf5 Nxf5 12. exf5 Qe5 13. Bd3 f6 14. Bh4 d5 15. Bg3 Qe8 16. Qf3 Qd8 17. Rd1 Re8 18. Bc4 Ne7 19. Bb3 c6 20. Re1 Nxf5 21. Nd2 Bd7 22. Bc2 Nxg3 23. Qxg3 Rxe1+ 24. Rxe1 Qc8 25. Re7 g5 26. Qd3 f5 27. Qh3 h5 28. Qxh5 Bxf2+ 29. Kxf2 Qe8 30. Qh7+ Kf8 31. Qg7# 1-0